000 00641nam a2200205 i 4500
001 148623
003 ES-MaACL
005 20250802063115.0
007 t|
008 070214s1965 sp r ||||1| spa d
100 1 _aSuárez Fernández, Luis,
_d1924-2024
_9240112
245 1 4 _aLas grandes interpretaciones de la historia /
_cLuis Suárez Fernández.
260 _aBilbao :
_bMoretón,
_c1965.
300 _a221 p. :
_bil. ;
_c17 cm.
490 1 _aSección Historia
650 4 _aHistoria-
_xFilosofía.
_913380
830 0 _aSección Historia
_9221029
852 _aES-MaACL
_jC-28939
_bR.58382
999 _c148623
_d148623